| 000 | 00614nam a2200241Ia 4500 | ||
|---|---|---|---|
| 003 | OSt | ||
| 005 | 20221005121718.0 | ||
| 006 | a|||||r|||| 00| 0 | ||
| 007 | ta | ||
| 008 | 221004b |||||||| |||| 00| 0 eng d | ||
| 024 | _a69026 | ||
| 037 | _cTextual | ||
| 040 |
_aCRL _cCRL _beng |
||
| 041 |
_2eng _aeng |
||
| 082 | _aY:1.5932, M0 | ||
| 100 |
_aPaley Jozsef _9631005 |
||
| 245 | 0 |
_aHungary today _b Information of Hungarian people, 1980 |
|
| 260 | _c1980 | ||
| 300 |
_a260p. _ccm. |
||
| 650 | _aSOCIOLOGY | ||
| 942 |
_hY:1.5932, M0 _cTEXL _2cc |
||
| 999 |
_c1042024 _d1042024 |
||